| 000 | 01341cam a2200349 a 4500 | ||
|---|---|---|---|
| 001 | 1480076 | ||
| 003 | ARRUPE | ||
| 005 | 20160504123414.0 | ||
| 008 | 870921s1988 njua 000 0deng | ||
| 010 | _a 87062804 | ||
| 020 | _a093241530X | ||
| 020 | _a0932415318 (pbk.) | ||
| 040 |
_aDLC _cDLC _dDLC |
||
| 043 |
_afh----- _af-cd--- |
||
| 050 | 0 | 0 |
_aDT367.2 _b.M68 1988 |
| 082 | 0 | 0 |
_a960 _220 |
| 100 | 1 |
_aMottern, Nicholas. _924281 |
|
| 245 | 1 | 0 |
_aSuffering strong : _bthe journal of a westerner in Ethiopia, the Sudan, Eritrea, and Chad / _cNicholas Mottern. |
| 260 |
_aTrenton, N.J. : _bRed Sea Press, _cc1988. |
||
| 300 |
_ax, 102 p. : _bill. ; _c22 cm. |
||
| 490 | 1 |
_aCurrent issues series ; _vno. 3 |
|
| 600 | 1 | 0 |
_aMottern, Nicholas _924282 |
| 650 | 0 |
_aFood relief _zAfrica, Northeast. _924284 |
|
| 651 | 0 |
_aAfrica, Northeast _xDescription and travel. _924286 |
|
| 651 | 0 |
_aAfrica, Northeast _xPolitics and government _y1974- _924288 |
|
| 651 | 0 |
_aChad _xPolitics and government _y1960-1990. _924289 |
|
| 710 | 2 |
_aThomas Leiper Kane Collection (Library of Congress. Hebraic Section) _5DLC _924290 |
|
| 830 | 0 |
_aCurrent issues series (Trenton, N.J.) : _vno. 3. _924291 |
|
| 906 |
_a7 _bcbc _corignew _d3 _eopcn _f19 _gy-gencatlg |
||
| 942 |
_2lcc _cMONOGRAPH |
||
| 999 |
_c124777 _d124777 |
||